[Event "25th European Teams"]
[Site "Batumi GEO"]
[Date "2025.10.08"]
[Round "4.15"]
[Board "1"]
[White "Dardha, Daniel"]
[Black "Kacharava, Nikolozi"]
[Result "0-1"]
[WhiteTitle "GM"]
[BlackTitle "GM"]
[WhiteElo "2605"]
[BlackElo "2486"]
[WhiteTeam "Belgium"]
[BlackTeam "Georgia 1"]
[WhiteFideId "240990"]
[BlackFideId "13611860"]
[EventDate "2025.10.05"]

1. d4 d5 2. c4 e6 3. Nf3 Nf6 4. g3 Be7 5. Bg2 O-O 6. O-O dxc4 7. Qa4 a6 8. Qxc4
b5 9. Qc2 Bb7 10. Bf4 Bd6 11. Nbd2 Bxf4 12. gxf4 Nbd7 13. e3 Rc8 14. b4 a5 15.
a3 axb4 16. axb4 Nd5 17. Qb2 Ra8 18. Rxa8 Bxa8 19. Ra1 Qe7 20. Ne1 N7b6 21. Nd3
g5 22. Kh1 Kh8 23. Rg1 Rg8 24. Qa1 f6 25. fxg5 Rxg5 26. Nc5 Rg8 27. Bf3 Rxg1+
28. Qxg1 Na4 29. Ndb3 Bc6 30. Qf1 Nxc5 31. Nxc5 Qd6 32. Qh3 Nxb4 33. Bxc6 Qxc6+
34. Kg1 Nd5 35. e4 Nf4 36. Qh6 Ng6 37. h4 Qd6 38. Qe3 Nxh4 39. Qh3 Ng6 40. Nxe6
Nf4 41. Nxf4 Qxf4 42. Qc8+ Kg7 43. Qd7+ Kh6 44. Qe7 Qd6 45. Qe8 Qxd4 46. Qf8+
Kg5 47. Qg7+ Kf4 48. Qxh7 Qxe4 49. Qxc7+ Qe5 50. Qc1+ Ke4 51. Qb1+ Kf4 52. Qc1+
Ke4 53. Qb1+ Kd4 54. Qb4+ Kd3 55. Qb3+ Kd2 56. Qa2+ Kc3 57. Qa3+ Kc4 58. Qa2+
Kb4 59. Qd2+ Kc5 60. Qa5 Qd4 61. Qa7+ Kc4 62. Qa2+ Kb4 63. Qe6 Qe5 64. Qa2 f5
65. Qd2+ Kb3 66. Qd3+ Ka4 67. Qd1+ Ka5 68. Qd8+ Ka6 69. Qf8 Qe1+ 70. Kg2 Qe4+
71. f3 Qe2+ 72. Kg3 Qe5+ 73. Kh3 Ka5 74. Qd8+ Kb4 75. Qd2+ Kc5 76. Qa5 Kc4 77.
Qa2+ Kd3 78. Qb3+ Kd2 79. Kg2 f4 80. Qb4+ Ke2 81. Qa5 Qg5+ 82. Kh2 Qg3+ 83. Kh1
Qe1+ 0-1

[Event "25th European Teams"]
[Site "Batumi GEO"]
[Date "2025.10.08"]
[Round "4.15"]
[Board "2"]
[White "Pantsulaia, Levan"]
[Black "Maerevoet, Sim"]
[Result "1-0"]
[WhiteTitle "GM"]
[BlackTitle "IM"]
[WhiteElo "2457"]
[BlackElo "2426"]
[WhiteTeam "Georgia 1"]
[BlackTeam "Belgium"]
[WhiteFideId "13602071"]
[BlackFideId "241725"]
[EventDate "2025.10.05"]

1. Nf3 d5 2. g3 g6 3. Bg2 Bg7 4. d4 c6 5. O-O Nf6 6. a4 O-O 7. c4 dxc4 8. Na3
Be6 9. Ng5 Bd5 10. e4 h6 11. exd5 hxg5 12. dxc6 Nxc6 13. d5 Nb4 14. Nxc4 g4 15.
Ne3 Qd7 16. Qb3 Na6 17. Bd2 Nc5 18. Qa3 Nce4 19. Bb4 Nd6 20. Qd3 Rac8 21. b3 Rc7
22. Rad1 Rfc8 23. Rfe1 b6 24. Qb1 Bf8 25. Bf1 Nfe4 26. Bb5 Nxb5 27. Qxe4 Nc3 28.
Bxc3 Rxc3 29. d6 exd6 30. Nd5 Rf3 31. Qxf3 1-0

[Event "25th European Teams"]
[Site "Batumi GEO"]
[Date "2025.10.08"]
[Round "4.15"]
[Board "3"]
[White "Glek, Igor"]
[Black "Jobava, Baadur"]
[Result "1/2-1/2"]
[WhiteTitle "GM"]
[BlackTitle "GM"]
[WhiteElo "2432"]
[BlackElo "2573"]
[WhiteTeam "Belgium"]
[BlackTeam "Georgia 1"]
[WhiteFideId "4100484"]
[BlackFideId "13601520"]
[EventDate "2025.10.05"]

1. e4 c5 2. Nf3 d6 3. d4 cxd4 4. Nxd4 Nf6 5. Nc3 g6 6. Be2 Bg7 7. O-O O-O 8. Be3
b6 9. Bf3 Ba6 10. Re1 e5 11. Ndb5 d5 12. exd5 Bxb5 13. Nxb5 e4 14. Be2 Nxd5 15.
Bd4 Nc6 16. Bxg7 Kxg7 17. Bc4 Nf6 18. Nd6 Qe7 19. Nxe4 Nxe4 20. Bd5 Rad8 21.
Rxe4 Qc5 22. c4 Nb4 23. Re5 b5 24. b3 bxc4 25. bxc4 f6 26. Re2 Nxd5 27. cxd5
Rxd5 28. Qc2 Rc8 29. Qxc5 Rdxc5 30. g3 R8c7 1/2-1/2

[Event "25th European Teams"]
[Site "Batumi GEO"]
[Date "2025.10.08"]
[Round "4.15"]
[Board "4"]
[White "Paichadze, Luka"]
[Black "De Waele, Warre"]
[Result "1/2-1/2"]
[WhiteTitle "GM"]
[BlackTitle "FM"]
[WhiteElo "2502"]
[BlackElo "2326"]
[WhiteTeam "Georgia 1"]
[BlackTeam "Belgium"]
[WhiteFideId "13602934"]
[BlackFideId "241156"]
[EventDate "2025.10.05"]

1. e4 e5 2. Nc3 Nf6 3. d4 exd4 4. Qxd4 Nc6 5. Qd3 Bc5 6. Bf4 d6 7. Qd2 Be6 8. f3
Qe7 9. O-O-O O-O-O 10. Bb5 Ne5 11. Nge2 a6 12. Bd3 Nxd3+ 13. cxd3 d5 14. d4 Bb6
15. e5 Nd7 16. Kb1 h6 17. Bg3 c6 18. h4 g5 19. hxg5 hxg5 20. Bf2 Nxe5 21. Na4
Nc4 22. Nxb6+ Nxb6 23. Nc1 Nc4 24. Qc3 Rxh1 25. Rxh1 Qf6 26. b3 Nd6 27. Qc5 Qf4
28. Re1 Qd2 29. Re2 Bf5+ 30. Ka1 Qd1 31. a4 Nc4 32. Be3 Nxe3 33. Rxe3 Rh8 34.
Re7 Bd7 35. Rxf7 b6 36. Qc3 Rh1 37. Kb1 Rg1 38. Rf8+ Kb7 39. Rf7 Kc8 40. a5 bxa5
41. Rf8+ Kb7 42. Rf7 Kc8 43. Rf8+ Kb7 44. Rf7 1/2-1/2

[Event "25th European Teams"]
[Site "Batumi GEO"]
[Date "2025.10.08"]
[Round "4.16"]
[Board "1"]
[White "Pechac, Jergus"]
[Black "Nemsadze, Daviti"]
[Result "1-0"]
[WhiteTitle "GM"]
[BlackTitle "FM"]
[WhiteElo "2539"]
[BlackElo "2348"]
[WhiteTeam "Slovakia"]
[BlackTeam "Georgia 3"]
[WhiteFideId "14926970"]
[BlackFideId "13619250"]
[EventDate "2025.10.05"]

1. b3 e5 2. Bb2 Nc6 3. c4 g6 4. g3 Bg7 5. Bg2 Nge7 6. Nc3 d6 7. e3 Be6 8. Nf3 h6
9. d4 exd4 10. Ne2 Qd7 11. Nfxd4 Bh3 12. Bxh3 Qxh3 13. Nf4 Qd7 14. e4 O-O 15.
O-O Rae8 16. Kg2 Nxd4 17. Bxd4 Nc6 18. Bxg7 Kxg7 19. Re1 f5 20. Qd3 Ne5 21. Qd4
g5 22. Nd3 f4 23. f3 c5 24. Qc3 Rf6 25. Rad1 Nxf3 26. Kxf3 Qh3 27. Nf2 Qh5+ 28.
g4 Qxh2 29. Rg1 h5 30. Rxd6 Rf8 31. Rg2 Qh4 32. Qe5 Kg6 33. Rxf6+ Rxf6 34. Qe8+
Rf7 35. e5 Kg7 36. e6 Rf6 37. e7 1-0

[Event "25th European Teams"]
[Site "Batumi GEO"]
[Date "2025.10.08"]
[Round "4.16"]
[Board "2"]
[White "Qalichava, Akaki"]
[Black "Sahidi, Samir"]
[Result "1/2-1/2"]
[WhiteTitle "FM"]
[BlackTitle "IM"]
[WhiteElo "2333"]
[BlackElo "2490"]
[WhiteTeam "Georgia 3"]
[BlackTeam "Slovakia"]
[WhiteFideId "13615408"]
[BlackFideId "14936372"]
[EventDate "2025.10.05"]

1. e4 e5 2. Nf3 Nc6 3. Bb5 Nf6 4. O-O Be7 5. d4 exd4 6. e5 Ne4 7. Nxd4 O-O 8.
Nf5 d5 9. Nxe7+ Nxe7 10. Nd2 c6 11. Bd3 Nc5 12. Nb3 Nxd3 13. cxd3 h6 14. Be3 Nf5
15. Re1 d4 16. Bf4 Qd5 17. Nd2 Nh4 18. Ne4 Ng6 19. Bxh6 Qxe5 20. Bd2 Qf5 21. Qb3
Be6 22. Qxb7 Rfb8 23. Qc7 Rxb2 24. Rab1 Rxb1 25. Rxb1 Qe5 26. Qxc6 Rb8 27. Rxb8+
Qxb8 28. Qc2 Ne5 29. a4 Bf5 30. f3 Qb6 31. Bf4 Nc6 32. Kf2 Nb4 33. Qb1 Bxe4 34.
fxe4 Qf6 35. g3 a5 36. Ke2 Qg6 37. Kf2 Qf6 38. h4 Qa6 39. Ke2 Qe6 40. Bd2 Qd6
41. Be1 Qc5 42. Qb3 Qh5+ 43. Kf2 Qh6 44. Bxb4 axb4 45. a5 Qa6 46. Qxb4 Qxd3 47.
a6 Qe3+ 48. Kg2 d3 49. Qb8+ Kh7 50. a7 Qxe4+ 51. Kh2 d2 52. a8=Q Qxa8 53. Qxa8
d1=Q 54. Qe4+ g6 55. Kg2 1/2-1/2

[Event "25th European Teams"]
[Site "Batumi GEO"]
[Date "2025.10.08"]
[Round "4.16"]
[Board "3"]
[White "Haring, Filip"]
[Black "Shamatava, Nikolozi"]
[Result "1/2-1/2"]
[WhiteTitle "IM"]
[BlackTitle "FM"]
[WhiteElo "2479"]
[BlackElo "2296"]
[WhiteTeam "Slovakia"]
[BlackTeam "Georgia 3"]
[WhiteFideId "14933080"]
[BlackFideId "13619950"]
[EventDate "2025.10.05"]

1. e4 c5 2. Nc3 Nc6 3. g3 g6 4. Bg2 Bg7 5. d3 d6 6. Nge2 Rb8 7. O-O b5 8. f4 Bd7
9. f5 b4 10. Nd5 Nf6 11. Nef4 Nxd5 12. Nxd5 O-O 13. Bg5 h6 14. Bd2 e6 15. Nf4
Kh7 16. fxg6+ fxg6 17. c3 a5 18. h4 Qe8 19. Kh2 Ne7 20. Bh3 Nc6 21. Rb1 Rb7 22.
Qb3 Nd8 23. Qc2 e5 24. Bxd7 Rxd7 25. Nd5 Rdf7 26. Kg2 Ne6 27. Be3 Nc7 28. Nxc7
Rxc7 29. Rxf8 Qxf8 30. Rf1 Qa8 31. h5 gxh5 32. Qf2 Qe8 33. c4 Qg6 34. Qf5 Re7
35. Kh3 Qxf5+ 36. Rxf5 Kg6 37. g4 hxg4+ 38. Kxg4 a4 39. Bc1 Re8 40. Bd2 Rh8 41.
Be1 Bf6 42. Bd2 h5+ 43. Kh3 Rf8 44. Rf1 b3 45. Rg1+ Kf7 46. axb3 axb3 47. Ra1
Ke6 48. Ra3 Rb8 49. Be3 Be7 50. Bd2 h4 51. Be1 Bg5 52. Kg4 Be3 53. Ra7 Rg8+ 54.
Kh3 Bg5 55. Rb7 Rf8 56. Kg2 Rg8 57. Kh3 Rf8 58. Kg2 Rg8 59. Kh3 1/2-1/2

[Event "25th European Teams"]
[Site "Batumi GEO"]
[Date "2025.10.08"]
[Round "4.16"]
[Board "4"]
[White "Safarov, Deniel"]
[Black "Druska, Juraj"]
[Result "0-1"]
[WhiteTitle "FM"]
[BlackTitle "IM"]
[WhiteElo "2280"]
[BlackElo "2451"]
[WhiteTeam "Georgia 3"]
[BlackTeam "Slovakia"]
[WhiteFideId "13619802"]
[BlackFideId "14915650"]
[EventDate "2025.10.05"]

1. Nf3 d5 2. c4 e6 3. g3 dxc4 4. Qa4+ Bd7 5. Qxc4 c5 6. Bg2 Bc6 7. O-O Nf6 8.
Rd1 Nbd7 9. Nc3 b5 10. Qb3 c4 11. Qc2 Bc5 12. d4 cxd3 13. exd3 Rc8 14. Qe2 Qb6
15. a3 O-O 16. d4 Bxf3 17. Bxf3 Bxd4 18. Nxb5 Bxf2+ 19. Kg2 Bc5 20. b4 a6 21.
Nc3 Bd4 22. Na4 Qa7 23. Bb2 Bxb2 24. Nxb2 Ne5 25. Rac1 Nxf3 26. Qxf3 Nd5 27. Kh1
Rc7 28. Nd3 Nc3 29. Rf1 Rfc8 30. Ne5 h6 31. Rc2 a5 32. bxa5 Nd5 33. Rcf2 Nf6 34.
Qe2 Qxa5 35. Qb2 Qd5+ 36. Kg1 Rc3 37. Nf3 Ne4 38. Re2 Nxg3 39. Re5 Qa8 40. hxg3
Rxf3 41. Qg2 Rxf1+ 0-1

[Event "25th European Teams"]
[Site "Batumi GEO"]
[Date "2025.10.08"]
[Round "4.17"]
[Board "1"]
[White "Stefansson, Vignir Vatnar"]
[Black "Lortkipanidze, Nodar"]
[Result "1-0"]
[WhiteTitle "GM"]
[BlackTitle "IM"]
[WhiteElo "2506"]
[BlackElo "2371"]
[WhiteTeam "Iceland"]
[BlackTeam "Georgia 4"]
[WhiteFideId "2308649"]
[BlackFideId "13604058"]
[EventDate "2025.10.05"]

1. d4 Nf6 2. c4 e6 3. g3 c5 4. d5 exd5 5. cxd5 g6 6. a4 Bg7 7. d6 O-O 8. Bg2 Nc6
9. Nc3 Ne8 10. Nh3 Nd4 11. O-O Qb6 12. Bg5 Qxb2 13. Rc1 Ne6 14. Nd5 Rb8 15. Be7
b6 16. Qd3 Qd4 17. Qc2 Ba6 18. Rfd1 Qg4 19. f3 Qh5 20. e3 Bb7 21. g4 Qh6 22. Qf2
g5 23. f4 gxf4 24. Ndxf4 Nxf4 25. Nxf4 Bxg2 26. g5 Qh3 27. Nxh3 Bxh3 28. Rc4 Be6
29. Re4 c4 30. Qc2 Rc8 31. Rf1 Rc5 32. Rh4 f5 33. gxf6 Rg5+ 34. Kh1 Rxf6 35.
Qxh7+ Kf7 36. Bxf6 Nxf6 37. Rh6 Bf5 1-0

[Event "25th European Teams"]
[Site "Batumi GEO"]
[Date "2025.10.08"]
[Round "4.17"]
[Board "2"]
[White "Makharadze, Jambul"]
[Black "Kjartansson, Gudmundur"]
[Result "0-1"]
[BlackTitle "GM"]
[WhiteElo "2291"]
[BlackElo "2422"]
[WhiteTeam "Georgia 4"]
[BlackTeam "Iceland"]
[WhiteFideId "13601369"]
[BlackFideId "2301318"]
[EventDate "2025.10.05"]

1. d4 d5 2. c4 e6 3. Nc3 c6 4. Nf3 Nf6 5. e3 Nbd7 6. Bd3 dxc4 7. Bxc4 b5 8. Bd3
Bd6 9. a4 b4 10. Ne4 Nxe4 11. Bxe4 Bb7 12. a5 Rc8 13. a6 Ba8 14. Nd2 Nf6 15. Bf3
c5 16. Bxa8 Rxa8 17. Qa4+ Qd7 18. dxc5 Bxc5 19. Nb3 Be7 20. Ke2 Qxa4 21. Rxa4
Rc8 22. Bd2 Nd5 23. e4 Nb6 24. Raa1 Nc4 25. Rac1 Kd7 26. Rc2 Nxd2 27. Rxd2+ Kc6
28. f4 Rhd8 29. Rc1+ Kb6 30. Rxd8 Rxd8 31. e5 h5 32. Ke3 Rd5 33. Ke4 g6 34. g3
Bd8 35. Rc4 Kb5 36. Rd4 Rxd4+ 37. Nxd4+ Kxa6 38. Nc6 Bb6 39. Nxb4+ Kb5 40. Nd3
Kc4 41. Nc1 a5 42. h3 Ba7 43. g4 h4 44. f5 g5 45. f6 a4 46. Nd3 Bd4 47. Nb4 0-1

[Event "25th European Teams"]
[Site "Batumi GEO"]
[Date "2025.10.08"]
[Round "4.17"]
[Board "3"]
[White "Ragnarsson, Dagur"]
[Black "Didmanidze, Tengiz"]
[Result "1-0"]
[WhiteTitle "IM"]
[WhiteElo "2385"]
[BlackElo "1995"]
[WhiteTeam "Iceland"]
[BlackTeam "Georgia 4"]
[WhiteFideId "2304058"]
[BlackFideId "13611410"]
[EventDate "2025.10.05"]

1. d4 d5 2. c4 c6 3. Nf3 Nf6 4. Nbd2 e6 5. g3 Bd6 6. Bg2 Nbd7 7. O-O O-O 8. Qc2
Re8 9. Rd1 b6 10. e4 dxe4 11. Nxe4 Nxe4 12. Qxe4 Bb7 13. Qc2 Qe7 14. Re1 Rac8
15. a3 a5 16. Bd2 Qf8 17. c5 Bc7 18. Ng5 g6 19. b4 Ba8 20. Ne4 e5 21. cxb6 Bxb6
22. dxe5 Rxe5 23. Bc3 Re6 24. Bh3 f5 25. Ng5 Rxe1+ 26. Rxe1 Nf6 27. bxa5 Bd8 28.
Ne6 Qf7 29. Qd2 Nd5 30. Nxd8 Rxd8 31. Qd4 Kf8 32. Bg2 Rc8 33. Bxd5 1-0

[Event "25th European Teams"]
[Site "Batumi GEO"]
[Date "2025.10.08"]
[Round "4.17"]
[Board "4"]
[White "Diasamidze, Lulu"]
[Black "Stefansson, Hannes"]
[Result "0-1"]
[BlackTitle "GM"]
[WhiteElo "1839"]
[BlackElo "2408"]
[WhiteTeam "Georgia 4"]
[BlackTeam "Iceland"]
[WhiteFideId "13623818"]
[BlackFideId "2300087"]
[EventDate "2025.10.05"]

1. e4 c5 2. Nf3 d6 3. d4 cxd4 4. Nxd4 Nf6 5. Nc3 Nc6 6. Be3 Ng4 7. Bg5 Qb6 8.
Bb5 Bd7 9. O-O h6 10. Bc1 Rc8 11. Nxc6 bxc6 12. Bc4 g5 13. Na4 Qa5 14. b3 Qe5
15. f4 Qxa1 16. fxg5 Bg7 17. Bxf7+ Kd8 18. c3 hxg5 19. h3 Bxc3 20. Nxc3 Qxc3 21.
hxg4 Qc5+ 22. Rf2 Bxg4 23. Qe1 Qe5 24. Rf1 Qh2+ 25. Kf2 Rf8 26. Qa5+ Rc7 0-1

[Event "25th European Teams"]
[Site "Batumi GEO"]
[Date "2025.10.08"]
[Round "4.18"]
[Board "1"]
[White "Saraci, Nderim"]
[Black "Nemeth, Zalan"]
[Result "1-0"]
[WhiteTitle "IM"]
[BlackTitle "FM"]
[WhiteElo "2445"]
[BlackElo "2212"]
[WhiteTeam "Kosovo"]
[BlackTeam "Ireland"]
[WhiteFideId "6351921"]
[BlackFideId "2512041"]
[EventDate "2025.10.05"]

1. e4 e5 2. Nf3 Nf6 3. Nc3 Nc6 4. Bb5 Bc5 5. O-O O-O 6. d3 Nd4 7. Ba4 d6 8. Nxd4
Bxd4 9. Be3 d5 10. exd5 Nxd5 11. Bxd4 exd4 12. Nxd5 Qxd5 13. Bb3 Qf5 14. Re1 Bd7
15. Re4 c5 16. Qe2 Rae8 17. Re1 Rxe4 18. dxe4 Qe5 19. Bd5 b6 20. Qa6 Qc7 21. c3
dxc3 22. bxc3 Be6 23. c4 g6 24. h3 Re8 25. Qa4 Bd7 26. Qd1 Be6 27. Re3 Qe5 28.
Qd2 Re7 29. f3 Kg7 30. Rc3 g5 31. Rd3 h6 32. Bxe6 fxe6 33. Rd8 Rf7 34. a4 Qa1+
35. Kf2 Qe5 36. Ke2 h5 37. Qd6 Qb2+ 38. Kf1 Qa1+ 39. Kf2 Qb2+ 40. Kg1 Qa1+ 41.
Kh2 Qf6 42. Re8 Qf4+ 43. Qxf4 gxf4 44. Rxe6 Rd7 45. a5 bxa5 46. Rc6 Rd4 47. Rxc5
a4 48. Rxh5 Rxc4 49. Ra5 1-0

[Event "25th European Teams"]
[Site "Batumi GEO"]
[Date "2025.10.08"]
[Round "4.18"]
[Board "2"]
[White "Melaugh, Shane"]
[Black "Uruci, Endrit"]
[Result "1/2-1/2"]
[WhiteTitle "CM"]
[BlackTitle "FM"]
[WhiteElo "2192"]
[BlackElo "2347"]
[WhiteTeam "Ireland"]
[BlackTeam "Kosovo"]
[WhiteFideId "2509580"]
[BlackFideId "22100199"]
[EventDate "2025.10.05"]

1. c4 c6 2. Nc3 d5 3. e3 Nf6 4. Nf3 e6 5. b3 Bd6 6. d4 O-O 7. Bb2 Nbd7 8. Bd3
Qe7 9. Qc2 dxc4 10. bxc4 e5 11. O-O Re8 12. Nd2 Nf8 13. Nce4 Nxe4 14. Bxe4 exd4
15. Bxd4 Qh4 16. g3 Qh6 17. c5 Bc7 18. f4 Ne6 19. Bb2 b6 20. cxb6 Bxb6 21. Nc4
Ba6 22. Nxb6 axb6 23. Rfe1 Nc5 24. Bf5 Bc8 25. Bd4 Bxf5 26. Qxf5 Ne4 27. Bxb6 c5
28. Bc7 Qc6 29. Be5 Nd2 30. Rec1 Nf3+ 31. Kf2 Nxe5 32. fxe5 Qd5 33. Qf3 Rxa2+
34. Rxa2 Qxa2+ 35. Kg1 Qa3 36. Rd1 Qb3 37. Rd7 h6 38. Qe4 Qc3 39. Qf4 Qb3 40.
Qe4 Qa2 41. Qd5 Qb1+ 42. Kg2 Qc2+ 43. Kg1 Qf5 44. Rd8 Rxd8 45. Qxd8+ Kh7 46. Qd5
Qb1+ 47. Kg2 Qc2+ 48. Kh3 Qf2 49. e6 fxe6 50. Qxc5 Qf1+ 51. Kg4 Qd1+ 52. Kh3 Kg6
53. Qf8 Qh5+ 54. Kg2 Qe2+ 55. Qf2 1/2-1/2

[Event "25th European Teams"]
[Site "Batumi GEO"]
[Date "2025.10.08"]
[Round "4.18"]
[Board "3"]
[White "Asllani, Muhamet"]
[Black "Tureshbayev, Anuar"]
[Result "1-0"]
[WhiteTitle "CM"]
[BlackTitle "CM"]
[WhiteElo "2251"]
[BlackElo "2285"]
[WhiteTeam "Kosovo"]
[BlackTeam "Ireland"]
[WhiteFideId "22100300"]
[BlackFideId "651081709"]
[EventDate "2025.10.05"]

1. e4 c5 2. Nf3 Nc6 3. Nc3 e6 4. d4 cxd4 5. Nxd4 Nf6 6. a3 d5 7. exd5 exd5 8.
Bf4 Bc5 9. Qe2+ Be7 10. O-O-O a6 11. h3 O-O 12. g4 Re8 13. Qf3 Nxd4 14. Rxd4 Bc5
15. Rd1 Be6 16. Bg5 Be7 17. Bg2 Qb6 18. Be3 Qa5 19. Bd4 Rac8 20. Rhe1 Ne4 21.
Kb1 Rc4 22. Nxe4 Rxd4 23. Nc3 Rxd1+ 24. Rxd1 d4 25. Rxd4 b5 26. Nd5 Bc5 27. b4
Qa4 28. Re4 Rd8 29. Nc7 Ba2+ 30. Kb2 Bb6 31. Qc3 Be6 32. Nxe6 fxe6 33. Qc6 Bd4+
34. Rxd4 Rxd4 35. Qe8# 1-0

[Event "25th European Teams"]
[Site "Batumi GEO"]
[Date "2025.10.08"]
[Round "4.18"]
[Board "4"]
[White "O'Gorman, Alice"]
[Black "Saraci, Korab"]
[Result "0-1"]
[BlackTitle "CM"]
[WhiteElo "1960"]
[BlackElo "2197"]
[WhiteTeam "Ireland"]
[BlackTeam "Kosovo"]
[WhiteFideId "2508214"]
[BlackFideId "4701968"]
[EventDate "2025.10.05"]

1. e4 c5 2. Nf3 d6 3. d4 cxd4 4. Nxd4 Nf6 5. Nc3 g6 6. Be3 Bg7 7. f3 O-O 8. Qd2
Nc6 9. Bc4 Bd7 10. O-O-O Rc8 11. Bb3 Ne5 12. Kb1 a5 13. a4 Nc4 14. Bxc4 Rxc4 15.
b3 Rc8 16. g4 h5 17. gxh5 Nxh5 18. Ndb5 Bc6 19. Rhg1 Qd7 20. Bh6 Bxb5 21. Bxg7
Nxg7 22. Nxb5 Rc5 23. f4 Rfc8 24. Rc1 Qe6 25. Qd3 d5 26. f5 Qxe4 27. Qxe4 dxe4
28. fxg6 f5 29. c4 f4 30. Nc3 Re5 31. Rce1 e3 32. Nd5 Rf8 33. Rgf1 Nh5 34. Rf3
e6 35. Nxe3 fxe3 36. Rfxe3 Rxe3 37. Rxe3 Nf4 38. Re5 b6 39. Rb5 Re8 40. Rxb6 e5
41. Kc2 e4 0-1

[Event "25th European Teams"]
[Site "Batumi GEO"]
[Date "2025.10.08"]
[Round "4.19"]
[Board "1"]
[White "Nielsen, Hogni Egilstoft"]
[Black "Keinanen, Toivo"]
[Result "1/2-1/2"]
[WhiteTitle "IM"]
[BlackTitle "IM"]
[WhiteElo "2389"]
[BlackElo "2503"]
[WhiteTeam "Faroe Islands"]
[BlackTeam "Finland"]
[WhiteFideId "7200404"]
[BlackFideId "509825"]
[EventDate "2025.10.05"]

1. e4 e6 2. d4 d5 3. Nd2 c5 4. Ngf3 cxd4 5. Nxd4 Nc6 6. Nxc6 bxc6 7. Bd3 Nf6 8.
O-O Be7 9. Qe2 O-O 10. f4 a5 11. Kh1 a4 12. Rb1 Qb6 13. c4 Rd8 14. e5 Ne8 15. b4
axb3 16. Rxb3 Qc7 17. Bxh7+ Kxh7 18. Rh3+ Kg8 19. Qh5 f5 20. Qg6 Ra7 21. Nf3 Rb7
22. Rh7 Bf6 23. Qh5 Kf8 24. Rh8+ Ke7 25. c5 Qa5 26. Ng5 Bxg5 27. Qxg5+ Kd7 28.
Qg6 Kc7 29. Rxe8 Rxe8 30. Qxe8 Qxc5 31. Bd2 Rb2 32. Be1 Bd7 33. Qa8 Bc8 34. a3
Qb5 35. Rg1 Rb1 36. Qa7+ Bb7 37. Ba5+ Kc8 38. Bb4 Rxg1+ 39. Kxg1 Ba6 40. Qa8+
Kd7 41. Qa7+ Kc8 42. Qa8+ Kd7 43. Qa7+ 1/2-1/2

[Event "25th European Teams"]
[Site "Batumi GEO"]
[Date "2025.10.08"]
[Round "4.19"]
[Board "2"]
[White "Sipila, Vilka"]
[Black "Apol, Luitjen Akselsson"]
[Result "1-0"]
[WhiteTitle "IM"]
[BlackTitle "FM"]
[WhiteElo "2487"]
[BlackElo "2318"]
[WhiteTeam "Finland"]
[BlackTeam "Faroe Islands"]
[WhiteFideId "505455"]
[BlackFideId "7202466"]
[EventDate "2025.10.05"]

1. d4 Nf6 2. c4 g6 3. g3 Bg7 4. Bg2 O-O 5. Nc3 d6 6. Nf3 Nbd7 7. O-O e5 8. e4 b6
9. Be3 Bb7 10. d5 a5 11. a3 Nc5 12. Nd2 a4 13. Bxc5 bxc5 14. Nxa4 Bh6 15. Nc3
Qe7 16. Qe2 Ba6 17. Nb5 Rfb8 18. Nb1 Bxb5 19. cxb5 Ra4 20. Nc3 Rd4 21. Rfd1 Nd7
22. Qc2 Ra8 23. b3 Ra5 24. Bf1 Qf6 25. Bd3 Bg7 26. Ne2 g5 27. Nxd4 exd4 28. Qd2
Ra8 29. f4 gxf4 30. gxf4 Bh6 31. Rf1 Kh8 32. Kh1 Nf8 33. a4 Ng6 34. Rf2 Bxf4 35.
Qe2 Qh4 36. Raf1 f6 37. Qf3 Be5 38. Qf5 Qh6 39. Be2 Rg8 40. a5 Qd2 41. a6 d3 42.
Bh5 Qb4 43. Rg2 Qxb5 44. Bxg6 Rxg6 45. Rxg6 hxg6 46. Qxg6 1-0

[Event "25th European Teams"]
[Site "Batumi GEO"]
[Date "2025.10.08"]
[Round "4.19"]
[Board "3"]
[White "Egilstoft, Rogvi"]
[Black "Sklyarov, Dmitry V."]
[Result "1/2-1/2"]
[WhiteTitle "FM"]
[BlackTitle "IM"]
[WhiteElo "2304"]
[BlackElo "2428"]
[WhiteTeam "Faroe Islands"]
[BlackTeam "Finland"]
[WhiteFideId "7200447"]
[BlackFideId "4157052"]
[EventDate "2025.10.05"]

1. e4 d6 2. d4 Nf6 3. Nc3 c6 4. a4 e5 5. Nf3 Nbd7 6. Be2 Be7 7. O-O O-O 8. h3 a5
9. Be3 Re8 10. Qd2 Bf8 11. Rad1 exd4 12. Bxd4 Nxe4 13. Nxe4 Rxe4 14. Bd3 Re8 15.
Ng5 Nf6 16. Bxf6 Qxf6 17. Bxh7+ Kh8 18. Bd3 d5 19. Rde1 Bf5 20. h4 Bb4 21. c3
Bc5 22. Re3 Bg4 23. Be2 Qf5 24. Nxf7+ Kg8 25. Rg3 Rxe2 26. Qxe2 Bxe2 27. Nh6+
Kh7 28. Nxf5 Bxf1 29. Rxg7+ Kh8 30. Kxf1 Rf8 31. Rg5 Rb8 32. Nd4 Bxd4 33. cxd4
b5 34. axb5 Rxb5 35. Rg6 Rxb2 36. Rxc6 a4 37. Ra6 Rb4 38. Ra7 Rxd4 39. h5 Rh4
40. Ke2 Kg8 41. g3 Rxh5 42. Rxa4 Kf7 43. f4 Rh1 44. Kf3 Ke6 45. Kg4 Rd1 46. Ra6+
Ke7 47. f5 d4 48. f6+ Kf7 49. Kg5 d3 50. g4 d2 51. Rd6 Ke8 52. Rd3 Kf7 53. Rd4
Ke6 54. Re4+ Kf7 55. Re7+ Kf8 56. Rd7 Ke8 57. f7+ Kf8 58. Kg6 Rf1 59. Rd8+ Ke7
60. Rxd2 Rf6+ 61. Kg5 Rxf7 62. Rd4 Rf1 63. Ra4 Kf7 64. Ra7+ Kg8 65. Kg6 Rf8 66.
g5 Rb8 67. Kh6 Rb6+ 68. g6 Rb8 69. Rg7+ Kh8 70. Re7 Kg8 71. Re6 Ra8 72. Rd6 1/2-1/2

[Event "25th European Teams"]
[Site "Batumi GEO"]
[Date "2025.10.08"]
[Round "4.19"]
[Board "4"]
[White "Sammalvuo, Tapani"]
[Black "Poulsen, Martin"]
[Result "1-0"]
[WhiteTitle "IM"]
[BlackTitle "FM"]
[WhiteElo "2376"]
[BlackElo "2276"]
[WhiteTeam "Finland"]
[BlackTeam "Faroe Islands"]
[WhiteFideId "501115"]
[BlackFideId "7200315"]
[EventDate "2025.10.05"]

1. d4 e6 2. c4 f5 3. g3 Nf6 4. Bg2 d5 5. Nf3 c6 6. Bf4 Be7 7. O-O Nbd7 8. Qc2
O-O 9. Nbd2 Nh5 10. e3 g5 11. Be5 g4 12. Ne1 Nxe5 13. dxe5 d4 14. Nd3 dxe3 15.
fxe3 c5 16. Rae1 Rb8 17. Nb3 b6 18. e4 Ng7 19. exf5 Nxf5 20. Nf4 Qe8 21. Be4 Qf7
22. Rf2 Qg7 23. Nxe6 Bxe6 24. Bxf5 Rxf5 25. Rxf5 Bxf5 26. Qxf5 Rf8 27. Qe6+ Kh8
28. Nd2 Bd8 29. Ne4 Bc7 30. Nf2 h5 31. Nd3 Qf7 32. Qxf7 Rxf7 33. Nf4 Kg8 34. e6 1-0